[Event "Stuttgart-chB op"]
[Site "Ditzingen"]
[Date "2015.05.17"]
[Round "7"]
[White "Gruenert, Thomas"]
[Black "Collin, Alexander"]
[Result "1-0"]
[WhiteElo "1826"]
[BlackElo "1591"]
[PlyCount "58"]
[EventDate "2015.05.17"]
[EventType "swiss"]
[EventRounds "7"]
[EventCountry "GER"]
[SourceTitle "EXT 2018"]
[Source "ChessBase"]
[SourceDate "2017.10.13"]
[SourceVersion "1"]
[SourceVersionDate "2017.10.13"]
[SourceQuality "1"]

1. d4 g6 2. Nf3 Bg7 3. e4 d6 4. c3 Nc6 5. a4 e5 6. Bb5 Bd7 7. Be3 a6 8. Bd3 Nce7 9. Qb3 Be6 10. Qxb7 Rb8 11. Qxa6 Rb6 12. Qa5 Rxb2 13. d5 Bd7 14. Bb5 Bxb5 15. axb5 Qb8 16. c4 Nf6 17. Nbd2 Ng4 18. Ba7 Qb7 19. 0-0 0-0 20. Qa3 Rxd2 21. Nxd2 Bh6 22. Be3 Nxe3 23. fxe3 Qb6 24. Rf3 f5 25. Qa7 fxe4 26. Rxf8+ Kxf8 27. Qxb6 cxb6 28. Kf2 Nf5 29. Nf1 Kf7 1-0

[Event "Stuttgart-chB op"]
[Site "Ditzingen"]
[Date "2015.05.16"]
[Round "5"]
[White "Collin, Alexander"]
[Black "Fuss, Thomas"]
[Result "0-1"]
[WhiteElo "1591"]
[BlackElo "1857"]
[PlyCount "116"]
[EventDate "2015.05.17"]
[EventType "swiss"]
[EventRounds "7"]
[EventCountry "GER"]
[SourceTitle "EXT 2018"]
[Source "ChessBase"]
[SourceDate "2017.10.13"]
[SourceVersion "1"]
[SourceVersionDate "2017.10.13"]
[SourceQuality "1"]

1. e4 c5 2. c3 Nf6 3. e5 Nd5 4. d4 Nc6 5. Nf3 e6 6. Bc4 Nb6 7. Bb3 d6 8. dxc5 dxc5 9. Qxd8+ Nxd8 10. Be3 Nd5 11. Bxd5 exd5 12. Na3 Bd7 13. 0-0-0 Bc6 14. Nh4 g6 15. f4 Be7 16. Nf3 Ne6 17. Nc2 0-0-0 18. Rhf1 h5 19. Rd2 Rd7 20. Rfd1 a5 21. a3 a4 22. Kb1 Bd8 23. Ng1 Bc7 24. g3 Rhd8 25. Ne2 Ba5 26. h3 d4 27. Nexd4 cxd4 28. Bxd4 Bf3 29. Rf1 Be4 30. Rfd1 Bb6 31. Kc1 Bxc2 32. Rxc2 Kb8 33. Rcd2 Nxd4 34. cxd4 Rxd4 35. Rxd4 Rxd4 36. Rxd4 Bxd4 37. Kc2 Kc7 38. g4 hxg4 39. hxg4 Kc6 40. b3 axb3+ 41. Kxb3 Kd5 42. a4 Be3 43. f5 gxf5 44. gxf5 Kxe5 45. Kc4 Kxf5 46. Kd3 Bb6 47. Ke2 Ke4 48. Ke1 f5 49. Ke2 f4 50. a5 Bxa5 51. Kf2 f3 52. Kf1 Ke3 53. Kg1 Ke2 54. Kh2 f2 55. Kg3 f1Q 56. Kg4 Qf6 57. Kh5 Qg7 58. Kh4 Kf3 0-1

[Event "GER-ch U12"]
[Site "Magdeburg"]
[Date "2014.06.13"]
[Round "10"]
[White "Staufenberger, Philipp"]
[Black "Collin, Alexander"]
[Result "1/2-1/2"]
[WhiteElo "1507"]
[BlackElo "1709"]
[PlyCount "78"]
[EventDate "2014.06.08"]
[EventType "swiss"]
[EventRounds "11"]
[EventCountry "GER"]
[SourceTitle "CBM 160 Extra"]
[Source "ChessBase"]
[SourceDate "2014.07.01"]
[SourceVersion "1"]
[SourceVersionDate "2014.07.01"]
[SourceQuality "1"]

1. d4 g6 2. e4 Bg7 3. Nf3 d6 4. Be3 Nc6 5. Qd2 e5 6. d5 Nce7 7. Nc3 f5 8. g3 Nf6 9. Bd3 a6 10. Bh6 0-0 11. Bxg7 Kxg7 12. h4 fxe4 13. Nxe4 Nexd5 14. h5 Nxh5 15. Be2 Ndf6 16. Nc3 b6 17. 0-0-0 Bb7 18. Qg5 Ne4 19. Nxe4 Bxe4 20. Rxh5 Qxg5+ 21. Nxg5 gxh5 22. Nxe4 Rf5 23. Rd3 h4 24. Bg4 Rf7 25. gxh4 Rf4 26. f3 h5 27. Bxh5 Rxh4 28. Bg4 Rh1+ 29. Kd2 Rah8 30. Kc3 R8h2 31. Rd2 Rxd2 32. Kxd2 Rh2+ 33. Kc3 Kg6 34. Kb3 Rh8 35. c4 Rd8 36. Be6 Rf8 37. Bg4 Rd8 38. Be6 Rf8 39. Bg4 Rd8 1/2-1/2

[Event "GER-ch U12"]
[Site "Magdeburg"]
[Date "2014.06.09"]
[Round "3"]
[White "Collin, Alexander"]
[Black "Roho, Kevin"]
[Result "1/2-1/2"]
[WhiteElo "1709"]
[BlackElo "1560"]
[PlyCount "77"]
[EventDate "2014.06.08"]
[EventType "swiss"]
[EventRounds "11"]
[EventCountry "GER"]
[SourceTitle "CBM 160 Extra"]
[Source "ChessBase"]
[SourceDate "2014.07.01"]
[SourceVersion "1"]
[SourceVersionDate "2014.07.01"]
[SourceQuality "1"]

1. e4 d5 2. exd5 Nf6 3. d4 Nxd5 4. c4 Nb6 5. Nf3 g6 6. Be3 Bg7 7. Nc3 0-0 8. h3 Nc6 9. Qd2 e5 10. d5 Na5 11. Bxb6 axb6 12. Rb1 c5 13. g4 e4 14. Ng1 Re8 15. Nd1 Qe7 16. Ne3 f5 17. gxf5 gxf5 18. Ne2 Qe5 19. Nc1 f4 20. Ng2 Bf5 21. Qxf4 Qxf4 22. Nxf4 e3 23. Bd3 exf2+ 24. Kxf2 Bxd3 25. Ncxd3 Nxc4 26. a3 Rf8 27. Kg2 Rf5 28. Rhe1 Nxb2 29. Nxb2 Rxf4 30. d6 Rd4 31. Red1 Rxd1 32. Nxd1 Rd8 33. Rxb6 Be5 34. Rxb7 Bxd6 35. Nc3 c4 36. Ne4 Be5 37. Re7 Bg7 38. Rc7 Ra8 39. Rxc4 1/2-1/2

[Event "GER-ch U10"]
[Site "Oberhof"]
[Date "2013.05.25"]
[Round "11"]
[White "Collin, Alexander"]
[Black "Suvorov, Alexander"]
[Result "0-1"]
[WhiteElo "1451"]
[BlackElo "1397"]
[PlyCount "120"]
[EventDate "2013.05.19"]
[EventType "swiss"]
[EventRounds "11"]
[EventCountry "GER"]
[SourceTitle "CBM 154 Extra"]
[Source "ChessBase"]
[SourceDate "2013.06.25"]
[SourceVersion "2"]
[SourceVersionDate "2013.06.25"]
[SourceQuality "1"]

1. e4 e5 2. Nf3 Nc6 3. d4 exd4 4. Nxd4 Qh4 5. Nc3 Bb4 6. Qd3 Nf6 7. Nxc6 dxc6 8. e5 Nd5 9. Bd2 Nxc3 10. Bxc3 Bxc3+ 11. Qxc3 Qe4+ 12. Kd2 Be6 13. f3 Qf4+ 14. Qe3 0-0-0+ 15. Bd3 Qxe3+ 16. Kxe3 Rhe8 17. Rhe1 g6 18. Rad1 c5 19. b3 a6 20. a4 Rd7 21. Re2 c4 22. bxc4 Bxc4 23. Red2 Bxd3 24. Rxd3 Rxd3+ 25. Rxd3 Rxe5+ 26. Kd2 c6 27. Rc3 Kc7 28. Kd3 Kd6 29. Rb3 Kc7 30. Rc3 Re1 31. Rc4 Rg1 32. g3 Rg2 33. Re4 Kd6 34. Rd4+ Ke6 35. Re4+ Kf6 36. Rb4 b5 37. axb5 axb5 38. Rd4 c5 39. Rd5 c4+ 40. Kc3 b4+ 41. Kxc4 Rxc2+ 42. Kxb4 Rxh2 43. f4 Rg2 44. Rd3 Kf5 45. Kc4 Kg4 46. Rd7 f5 47. Rxh7 Kxg3 48. Rg7 Kxf4 49. Kd3 g5 50. Re7 g4 51. Rg7 Kf3 52. Rg5 f4 53. Rg6 Ra2 54. Rg5 g3 55. Re5 Kg2 56. Rf5 f3 57. Ke3 f2 58. Rxf2+ gxf2 59. Ke4 f1Q 60. Kd4 Ra3 0-1